|
|
|
|
| LEADER |
00000naa2a2200000 4500 |
| 001 |
612760 |
| 005 |
20240115163059.0 |
| 035 |
|
|
|a (RuTPU)RU\TPU\conf\10891
|
| 035 |
|
|
|a RU\TPU\conf\10890
|
| 090 |
|
|
|a 612760
|
| 100 |
|
|
|a 20150626d2015 k y0rusy50 ba
|
| 101 |
0 |
|
|a eng
|
| 102 |
|
|
|a RU
|
| 105 |
|
|
|a y z 101zy
|
| 135 |
|
|
|a drcn ---uucaa
|
| 181 |
|
0 |
|a i
|
| 182 |
|
0 |
|a b
|
| 200 |
1 |
|
|a The research of influence of plasma immersion ion implantation of titanium on hydrogen sorption of Zr-2,5% Nb
|f A. N. Sutygina, E. B. Kashkarov, N. N. Nikitenkov
|
| 203 |
|
|
|a Текст
|c электронный
|
| 225 |
1 |
|
|a Радиационные и пучково-плазменные технологии в науке, технике и медицине
|
| 300 |
|
|
|a Заглавие с титульного экрана
|
| 320 |
|
|
|a [Библиогр.: с. 212 (1 назв.)]
|
| 337 |
|
|
|a Adobe Reader
|
| 463 |
|
0 |
|0 (RuTPU)RU\TPU\conf\10637
|t Физико-технические проблемы в науке, промышленности и медицине
|o сборник тезисов докладов VII Международной научно-практической конференции, г. Томск, 3-6 июня 2015 г.
|f Национальный исследовательский Томский политехнический университет (ТПУ) ; под ред. А. Н. Дьяченко [и др.]
|v [С. 211-212]
|d 2015
|
| 610 |
1 |
|
|a труды учёных ТПУ
|
| 610 |
1 |
|
|a электронный ресурс
|
| 610 |
1 |
|
|a плазма
|
| 610 |
1 |
|
|a ионная имплантация
|
| 610 |
1 |
|
|a титан
|
| 610 |
1 |
|
|a сорбция
|
| 610 |
1 |
|
|a водород
|
| 700 |
|
1 |
|a Sutygina
|b A. N.
|c Physicist
|c Technician of Tomsk Polytechnic University
|f 1993-
|g Alina Nikolaevna
|3 (RuTPU)RU\TPU\pers\37677
|
| 701 |
|
1 |
|a Kashkarov
|b E. B.
|c Physicist
|c Associate Professor, Researcher of Tomsk Polytechnic University, Candidate of Physical and Mathematical Sciences
|f 1991-
|g Egor Borisovich
|3 (RuTPU)RU\TPU\pers\34949
|9 18267
|
| 701 |
|
1 |
|a Nikitenkov
|b N. N.
|c Russian physicist
|c Professor of Tomsk Polytechnic University, Doctor of Physical and Mathematical Sciences
|f 1953-
|g Nikolai Nikolaevich
|3 (RuTPU)RU\TPU\pers\30409
|
| 712 |
0 |
2 |
|a Национальный исследовательский Томский политехнический университет (ТПУ)
|b Физико-технический институт (ФТИ)
|b Кафедра общей физики (ОФ)
|3 (RuTPU)RU\TPU\col\18734
|
| 801 |
|
2 |
|a RU
|b 63413507
|c 20210210
|g RCR
|
| 856 |
4 |
|
|u http://earchive.tpu.ru/handle/11683/17440
|
| 856 |
4 |
|
|u http://www.lib.tpu.ru/fulltext/c/2015/C49/180.pdf
|
| 942 |
|
|
|c BK
|